Bibliography on physical electronics, (Record no. 541900)
[ view plain ]
| 000 -LEADER | |
|---|---|
| fixed length control field | 00608nam a22001571 4500 |
| 082 00 - DEWEY DECIMAL CLASSIFICATION NUMBER | |
| Classification number | 016.53 |
| 100 1# - MAIN ENTRY--PERSONAL NAME | |
| Personal name | Nottingham, Wayne B. |
| 9 (RLIN) | 36987 |
| 245 10 - TITLE STATEMENT | |
| Title | Bibliography on physical electronics, |
| Statement of responsibility, etc. | prepared by Wayne B. Nottingham and staff: Patricia Chefurka [and others. |
| 250 ## - EDITION STATEMENT | |
| Edition statement | 1st ed. |
| 260 ## - PUBLICATION, DISTRIBUTION, ETC. | |
| Place of publication, distribution, etc. | Cambridge] |
| Name of publisher, distributor, etc. | Research Laboratory of Electronics, Massachusetts Institute of Technology; [distributed by Addison-Wesley Pub. Co.] |
| Date of publication, distribution, etc. | c1954. |
| 300 ## - PHYSICAL DESCRIPTION | |
| Extent | ix, 428 p. |
| Dimensions | 24 cm. |
| 526 ## - STUDY PROGRAM INFORMATION NOTE | |
| Program name | 0 |
| Interest level | 0 |
| Reading level | 0 |
| Title point value | 016_530000000000000 |
| 650 #0 - SUBJECT ADDED ENTRY--TOPICAL TERM | |
| Topical term or geographic name entry element | Electronics |
| General subdivision | Bibliography. |
| 9 (RLIN) | 36988 |
| 650 #0 - SUBJECT ADDED ENTRY--TOPICAL TERM | |
| Topical term or geographic name entry element | MCE |
| 9 (RLIN) | 379 |
| 942 ## - ADDED ENTRY ELEMENTS (KOHA) | |
| Source of classification or shelving scheme | |
| Koha item type | Book |
| Withdrawn status | Lost status | Source of classification or shelving scheme | Damaged status | Not for loan | Permanent Location | Current Location | Date acquired | Total Checkouts | Full call number | Barcode | Date last seen | Price effective from | Koha item type |
|---|---|---|---|---|---|---|---|---|---|---|---|---|---|
| Military College of Engineering (MCE) | Military College of Engineering (MCE) | 09/06/2013 | 016.53 | MCE-2489 | 09/06/2013 | 09/06/2013 | Book |
